Be true to your future : achieve career success and personal fulfillment
| Main Author: | |
|---|---|
| Format: | Book |
| Published: |
California :
Crisp Publications ,
1988
|
| Subjects: |
MARC
| LEADER | 00000cam a2200000 7i4500 | ||
|---|---|---|---|
| 001 | 0000001284 | ||
| 002 | 000001416 | ||
| 005 | 20080215.0 | ||
| 020 | |a 0931961475 | ||
| 090 | 0 | 0 | |a 171.3 |b CHA |
| 100 | 1 | |a Chapman, Elwood N | |
| 245 | 1 | 3 | |a Be true to your future : |b achieve career success and personal fulfillment |c Elwood N. Chapman |
| 260 | |a California : |b Crisp Publications , |c 1988 | ||
| 300 | |a 222p. : |b 25cm | ||
| 650 | 0 | 0 | |a Personal fulfillment |
| 650 | 0 | 0 | |a Self-realization |
| 999 | |a 032665 |b BUKU |c PINJAMAN |e PERPUSTAKAAN KOMUNITI PETALING JAYA | ||